| 000 | 01327cam a2200337 4500 | ||
|---|---|---|---|
| 001 | bloodredrosessto00alde | ||
| 003 | CaSfIA | ||
| 005 | 20230525154629.0 | ||
| 007 | cr|||| | ||
| 008 | 710629s1971 nyuabc j b 001 0 eng | ||
| 010 | _a 77139086 | ||
| 020 | _a067132375X | ||
| 035 | _a(DLC) 77139086 | ||
| 040 |
_aDLC _cDLC _dDLC _dBIBLIOS _dCaSfIA |
||
| 042 | _alcac | ||
| 043 | _ae-uk--- | ||
| 050 | 0 | 0 |
_aDA250 _b.A8 |
| 082 | 0 | 0 | _a942.04 |
| 100 | 1 | _aAlderman, Clifford Lindsey. | |
| 245 | 1 | 0 |
_aBlood-red the roses; _h[electronic resource] _bthe story of the Wars of the Roses. |
| 260 |
_aNew York, _bJ. Messner _c[1971] |
||
| 300 |
_a191 p. _billus., map, ports. _c22 cm. |
||
| 350 | _a$4.50 | ||
| 520 | _aTraces the thirty-five year struggle between the Houses of York and Lancaster for the British throne. | ||
| 504 | _aBibliography: p. 184-186. | ||
| 651 | 0 |
_aGreat Britain _xHistory _yWars of the Roses, 1455-1485 _xJuvenile literature. |
|
| 651 | 0 |
_aGreat Britain _xHistory, Military _y1066-1485 _xJuvenile literature. |
|
| 651 | 1 |
_aGreat Britain _xHistory _yWars of the Roses, 1455-1485. |
|
| 856 | 4 | 1 |
_uhttp://www.archive.org/details/bloodredrosessto00alde _zFree eBook from the Internet Archive |
| 856 | 4 | 2 |
_uhttp://www.openlibrary.org/books/OL4577079M _zAdditional information and access via Open Library |
| 999 |
_c16326 _d16326 |
||